000 00923nam a2200205Ia 4500
003 GCL
008 140319s9999 xx 000 0 ara d
040 _aGCL /
_cGCL
082 0 4 _a341.241
_bم ج
100 1 _aمحمد عبدالوهاب الساكت
245 1 0 _aجامعة الدول العربية كمنظمة سياسية: لامين العام لجامعة الدول العربية.. اختصاصاته السياسية والادارية ودوره فى قوات الطوارى العربية...دراسة فى اسلوب العمل ونظامه داخل جامعة الدول العربية /
_cمحمد عبدالوهاب الساكت
260 _a[S.N] :
_bدار الفكر العربى
300 _a554
490 _a
650 0 4 _aالعالم العربى
650 0 4 _aجامعة الدول العربية
650 0 4 _aالوحدة الدينية
650 0 4 _aالمجلس
942 _2ddc
_cBK
999 _c55536
_d55536